Povinnosti daňovníkov a správcov dane z nehnuteľností po 31. januári zdaňovacieho obdobia

Povinnosti daňovníka podať daňové priznanie a uplatniť si oslobodenie od dane. Povinnosť správcu dane vyrubiť daň platovým výmerom. Povinnosť daňovníka daň zaplatiť. Zvýšenie vyrubenej dane. Oznamovacia povinnosť. Povinnosti občanov.

Enregistré dans:
Détails bibliographiques
Auteur principal: Harušťáková, Iveta
Format: Chapitre de livre
Langue:slovaque
Sujets:
Tags: Ajouter un tag
Pas de tags, Soyez le premier à ajouter un tag!

MARC

LEADER 00000naa a2200000 4500
001 r037973
005 20230926082926.0
041 0 |a slo 
044 |a SK 
245 1 0 |a Povinnosti daňovníkov a správcov dane z nehnuteľností po 31. januári zdaňovacieho obdobia  |c Iveta Harušťáková 
520 |a Povinnosti daňovníka podať daňové priznanie a uplatniť si oslobodenie od dane. Povinnosť správcu dane vyrubiť daň platovým výmerom. Povinnosť daňovníka daň zaplatiť. Zvýšenie vyrubenej dane. Oznamovacia povinnosť. Povinnosti občanov. 
610 2 0 |a dane z nehnuteľností 
610 2 0 |a povinnosť daňová 
610 2 0 |a povinnosť oznamovacia 
610 2 0 |a oslobodenie od daní 
610 2 0 |a január 
610 2 0 |a 2000 
100 1 |a Harušťáková, Iveta